Encuesta de Hogares de Propósitos Múltiples Julio 2006. Principales Resultados
Tallennettuna:
| Aineistotyyppi: | Teksti |
|---|---|
| Tagit: |
Lisää tagi
Ei tageja, Lisää ensimmäinen tagi!
|
MARC
| LEADER | 00000 a a2200000 04500 | ||
|---|---|---|---|
| 001 | 40431 | ||
| 003 | |||
| 040 | |||
| 245 | |a Encuesta de Hogares de Propósitos Múltiples Julio 2006. Principales Resultados | ||
| 500 | |a En esta oportunidad se incluyó el módulo sobre tecnologías de información y comnunicación, Lactancia materna y Vacunación. Adicionalmente se incluyeron preguntas sobr eel bono de vivienda, regímenes de pensiones, acceso a programas sociales del IMAS, CEN-CINAI, MEP FONABE, así como una pregunta sobre afiliación a cooperativas | ||
| 773 | |g (2006) | ||
| 999 | |c 39099 |d 39099 | ||
